| 000 | 00565nam a2200217Ia 4500 | ||
|---|---|---|---|
| 003 | OSt | ||
| 005 | 20241010045625.0 | ||
| 008 | 240925s9999 xx 000 0 und d | ||
| 020 | _a71001581 | ||
| 040 | _csd | ||
| 082 | _a620.00285 CHA | ||
| 100 | _aChapra, Steven C.; Canale, Raymond P. | ||
| 245 | 0 | _aIntroduction to Computing For Engineers | |
| 250 | _aNA | ||
| 260 |
_aNew York: _bA Brady Book _c,1986. |
||
| 300 |
_axxii,707p. _bNA _fOriginal |
||
| 500 | _aIncludes Index | ||
| 600 | _aElectronic Engineering | ||
| 650 | _aTechnology | ||
| 942 |
_cBK _2ddc |
||
| 999 |
_c4308 _d4308 |
||